000 00586caa a22001572a 4500
001 018595
003 AR-FADEU
008 311216n########xxu####################dd
092 _a408.9
_bN551f
100 _aChelliah, Shobhana L.
245 _aThe role of text collection and elicitation in linguistic fieldwork
300 _aPP. 152-165
500 _aEn: Linguistic fieldwork / ed. Paul Newman. New York : Cambridge University Press, 2001
942 _cBDGR
999 _c24327
_d24327
773 0 _024317
_924076
_aNewman, Paul, ed.
_b
_dNew York
_o05053
_tLinguistic fieldwork
_w( AR-FADEU) 018585
_x
_z0-521-66937-5